| 000 | 00483nam a2200193Ia 4500 | ||
|---|---|---|---|
| 008 | 170918s9999 xx 000 0 und d | ||
| 020 | _a9781846650741 | ||
| 050 | _bT969 2006 | ||
| 100 | _aTwain, Mark | ||
| 245 | 4 | _aThe adventures of Huckleberry Finn / | |
| 245 | _cby Mark Twain. | ||
| 260 | _aLondon : | ||
| 260 | _bCharrles Baker Ltd., | ||
| 260 | _c2006 | ||
| 300 | _a121 pages : | ||
| 300 | _billustrations ; | ||
| 300 | _c22cm. | ||
| 300 | _eCharles baker classics. | ||
| 999 |
_c343327 _d343327 |
||